zpět

Detail výsledku týmu

Záložna ST, Pardubice

Datum a čas kvízu

27 Celkem bodů Celkový počet nahraných bodů na tomto kvízu bez doplňovacích otázek.
11. Pořadí na kvízu Konečné umístění týmu na tomto kvízu.

Zaznamenané odpovědi

# Otázka Odpověď Body Výsledky
1. Pirátská strana minulý týden u... 1
2. Ukrajinští umělci vytvořili po... 1
3. Ve čtvrtek přišel do kin celov... 0
4. Americká firma otevřela první... 1
5. Norští sportovci musejí před b... 1
6. Toto téma jste si na facebooko... 1
7. Přiřaďte k sobě správně české... 1
5. Tenké střevo člověka se obecně... 0
5. U prvních sedmi párů žeber při... 0
5. Jsou-li splněny všechny ostatn... 1